000 00426nam a2200169Ia 4500
008 110201s9999 xx 000 0 und d
082 _bB6458
_aBAL 1694
100 _aGary Paulsen
245 _aEscape From Fire Mountain
260 _bA yearding book
365 _b0
600 _aGary Paulsen
630 _aEscape From Fire Mountain
700 _aGary Paulsen
730 _aEscape From Fire Mountain
942 _cBOOK
999 _c832105
_d832102